| Tag |
First Indicator |
Second Indicator |
Subfields |
| LEADER |
00000cam a2200000 a 4500 |
| 001 |
in00005740621 |
| 005 |
20260326172532.5 |
| 006 |
m o d |
| 007 |
cr bn||||||ada |
| 008 |
100323s1980 enka ob 100 0 eng d |
| 010 |
|
|
|z 80049879
|
| 040 |
|
|
|a OCLCE
|b eng
|e pn
|c OCLCE
|d OCLCQ
|d OCLCO
|d OCLCQ
|d OCLCF
|d OCLCO
|d UIU
|d OCL
|d OCLCO
|d OCLCQ
|d OCLCO
|d OCLCA
|d STF
|d OCLCQ
|d OCLCO
|d COM
|d OCLCO
|d OCL
|d OCLCO
|d INARC
|d OCLCL
|d OCLCQ
|d OCLCL
|d OCLCO
|
| 019 |
|
|
|a 301372808
|a 776278502
|a 1280793772
|a 1280880183
|a 1466055115
|
| 020 |
|
|
|z 008025912X
|q (set)
|
| 020 |
|
|
|z 9780080259123
|q (set)
|
| 020 |
|
|
|z 9781483283692
|
| 020 |
|
|
|z 1483283690
|
| 035 |
|
|
|a (OCoLC)567836880
|z (OCoLC)301372808
|z (OCoLC)776278502
|z (OCoLC)1280793772
|z (OCoLC)1280880183
|z (OCoLC)1466055115
|
| 041 |
0 |
|
|a eng
|a fre
|
| 042 |
|
|
|a dlr
|
| 050 |
|
4 |
|a RA569
|b .I48 1980
|
| 060 |
|
4 |
|a W3
|b IN864R 5th 1980r
|
| 060 |
|
4 |
|a WN 650
|b I66 1980r
|
| 082 |
0 |
4 |
|a 363.1/79
|2 19
|
| 049 |
|
|
|a TXAM
|
| 110 |
2 |
|
|a International Radiation Protection Association.
|1 https://id.oclc.org/worldcat/entity/E39QQPVp7PhGkjvmwVR9pGFwxt
|
| 245 |
1 |
0 |
|a Radiation protection :
|b a systematic approach to safety : proceedings of the 5th Congress of the International Radiation Protection Society, Jerusalem, March 1980.
|
| 250 |
|
|
|a 1st ed.
|
| 260 |
|
|
|a Oxford ;
|a New York :
|b Pergamon Press,
|c 1980.
|
| 300 |
|
|
|a 1 online resource (2 volumes (1234 pages)) :
|b illustrations
|
| 336 |
|
|
|a text
|b txt
|2 rdacontent
|
| 337 |
|
|
|a computer
|b c
|2 rdamedia
|
| 338 |
|
|
|a online resource
|b cr
|2 rdacarrier
|
| 500 |
|
|
|a English or French.
|
| 504 |
|
|
|a Includes bibliographical references.
|
| 538 |
|
|
|a Master and use copy. Digital master created according to Benchmark for Faithful Digital Reproductions of Monographs and Serials, Version 1. Digital Library Federation, December 2002.
|u http://purl.oclc.org/DLF/benchrepro0212
|5 MiAaHDL
|
| 583 |
1 |
|
|a digitized
|c 2010
|h HathiTrust Digital Library
|l committed to preserve
|2 pda
|5 MiAaHDL
|
| 588 |
0 |
|
|a Print version record.
|
| 650 |
|
0 |
|a Radiation
|x Safety measures
|v Congresses.
|
| 650 |
|
0 |
|a Radiation
|x Toxicology
|v Congresses.
|
| 650 |
|
2 |
|a Radiation Protection
|
| 650 |
|
6 |
|a Rayonnement
|x Sécurité
|x Mesures
|v Congrès.
|
| 650 |
|
6 |
|a Rayonnement
|x Toxicologie
|v Congrès.
|
| 650 |
|
7 |
|a Radiation
|x Toxicology
|2 fast
|
| 650 |
|
7 |
|a Radiation
|x Safety measures
|2 fast
|
| 655 |
|
7 |
|a Electronic books.
|2 local
|
| 655 |
|
2 |
|a Congress
|
| 655 |
|
7 |
|a proceedings (reports)
|2 aat
|
| 655 |
|
7 |
|a Conference papers and proceedings
|2 fast
|
| 655 |
|
7 |
|a Conference papers and proceedings.
|2 lcgft
|
| 655 |
|
7 |
|a Actes de congrès.
|2 rvmgf
|
| 710 |
2 |
|
|a ScienceDirect (Online service)
|
| 776 |
0 |
8 |
|i Print version:
|a International Radiation Protection Association.
|t Radiation protection.
|b 1st ed.
|d Oxford ; New York : Pergamon Press, 1980
|w (DLC) 80049879
|w (OCoLC)7997839
|
| 776 |
1 |
|
|c Original
|w (DLC) 80049879
|w (OCoLC)7997839
|
| 856 |
4 |
0 |
|u http://proxy.library.tamu.edu/login?url=https://www.sciencedirect.com/science/book/9781483283692
|z Connect to the full text of this electronic book
|t 0
|
| 955 |
|
|
|a Elsevier ScienceDirect 2026-2027
|
| 994 |
|
|
|a 92
|b TXA
|
| 999 |
f |
f |
|i f2d93fdf-d8a3-4fc9-9e8a-b1b3d2719d94
|s 164b5c22-3b62-4dfd-aa05-70c84a78aab0
|t 0
|
| 952 |
f |
f |
|a Texas A&M University
|b College Station
|c Electronic Resources
|s www_evans
|d Available Online
|t 0
|e RA569 .I48 1980
|h Library of Congress classification
|
| 998 |
f |
f |
|a RA569 .I48 1980
|t 0
|l Available Online
|